000 02697nkm0a2200505 4500
001 RU\NLR\BIBL_A\022695889
005 20260405232621.0
035 _a(NLR Aleph) 022695889
071 5 0 _a5742
_d60 коп.
_930000
090 _a89202
_c89202
100 _a20251225d1942 u y0rusy50 ca
101 0 _arus
102 _aRU
116 _aiiycxx bf ad
135 _acrcn 024anaba
181 0 _ab4
_bxb2e
182 0 _an
200 1 _aУпорно изучай военное дело!
_eСегодня ты боец всевобуча, - завтра боец фронта
_e[плакат]
_fхудожник Н. Ватолина
_gредактор П. Пискунов
203 _aИзображение
_bнеподвижное
_bдвухмерное
_bвизуальное
_cнепосредственное
210 _aМосква
_aЛенинград
_cИскусство
_d1942
_eМосква
_gТиполитография Госпланиздата
215 _a1 л. (2 изобр.)
_cхромолитогр.
_d57х42
300 _aВ вып. дан.: Л4828 от 7/VII 1942 г.; Заказ № 533
301 _aИзд. номер: № 5742
325 _aКопия доступна в Электрон. б-ке РНБ
327 0 _aКрасноармейцы с минометом
606 1 _aПлакат русский советский
_z1941 - 1945
_2nlr_sh2
_3RU\NLR\AUTH\661423877
_92387198
606 1 _aМинометчики в Великой Отечественной войне
_z1941 - 1945
_jПлакаты
_2nlr_sh1
_3RU\NLR\AUTH\66701944
_91595946
606 1 _aВоенная подготовка
_jПлакаты
_2nlr_sh1
_2nlr_sh2
_3RU\NLR\AUTH\66215785
_91290555
686 _aЩ153(2Р=Рус)7-466
700 1 _aВатолина
_bН. Н.
_f1915-2002
_gНина Николаевна
_4040
712 0 2 _a"Искусство", издательство
_cМосква
_3RU\NLR\AUTH\8810147805
_4650
_9790084
712 0 2 _aГосударственное плановое издательство
_bТиполитография
_3RU\NLR\AUTH\880503991
_4610
_9667773
852 0 0 _aNLR
_bЭ
_jПлИр995/5-560
_mЭ072783
856 0 _uhttps://vivaldi.nlr.ru/la700001684/view
856 1 _uhttps://vivaldi.nlr.ru/la700001684/cover
856 2 _uhttps://vivaldi.nlr.ru/la700001684/text
942 _cVISUAL
945 _aРоссийская национальная библиотека
980 _aBV
980 _aNB
981 1 7 _a(17) Изографические материалы
_b(17) Плакаты